|
|
|
|
| LEADER |
00000nas a2200000 a 4500 |
| 001 |
ssj0001165 |
| 003 |
WaSeSS |
| 005 |
20200512172242.0 |
| 006 |
m d |
| 007 |
cr n |
| 008 |
750824d19571995mduqr p s f0 a0eng c |
| 010 |
|
|
|a 65067252
|
| 016 |
7 |
|
|a 101092894
|2 DNLM
|
| 022 |
|
|
|l 0425-676X
|y 0425-676X
|
| 030 |
|
|
|a FEREDF
|
| 035 |
|
|
|a (WaSeSS)ssj0001165
|
| 040 |
|
|
|a MUL
|b eng
|c MUL
|d FUL
|d COO
|d NSD
|d DLC
|d NSD
|d GPO
|d NST
|d AIP
|d NSD
|d GPO
|d AIP
|d GPO
|d NST
|d DLC
|d GPO
|d NSD
|d NST
|d GPO
|d AGL
|d IUL
|d AGL
|d CAS
|d GPO
|d DLC
|d IUL
|d OCLCQ
|d NLM
|d OCLCQ
|d AMAZN
|d OCLCQ
|d LHL
|d OCLCO
|d OCLCA
|d AGL
|d OCLCF
|d OCLCA
|d OCLCQ
|d WaSeSS
|
| 042 |
|
|
|a nsdp
|a pcc
|
| 050 |
0 |
0 |
|a TX326.A1
|b F35
|
| 070 |
0 |
|
|a A321.9
|b R31
|
| 072 |
|
0 |
|a U300
|
| 082 |
0 |
4 |
|a 640
|
| 086 |
0 |
|
|a A 106.17:
|
| 086 |
0 |
|
|a A 77.708:
|
| 086 |
0 |
|
|a A 77.245:
|
| 088 |
|
|
|a ARS-NE 36
|
| 210 |
0 |
|
|a Fam. econ. rev.
|
| 222 |
|
0 |
|a Family economics review
|
| 245 |
0 |
0 |
|a Family economics review
|h [electronic resource].
|
| 260 |
|
|
|a Hyattsville, Md. :
|b Consumer and Food Economics Institute, Agricultural Research Service, U.S. Dept. of Agriculture,
|c [-1995]
|
| 310 |
|
|
|a Quarterly
|
| 362 |
1 |
|
|a Began with June 1957.
|
| 362 |
0 |
|
|a -v. 8, no. 1.
|
| 506 |
|
|
|a License restrictions may limit access.
|
| 515 |
|
|
|a Volumes for 1957-1973 issued as ARS-62 no. 5.
|
| 515 |
|
|
|a Volumes for 19 -winter/spring 1978 issued as ARS-NE 36.
|
| 515 |
|
|
|a Issues for 1988, no. 3-1995 called also v. 1, no. 3-v. 8, no. 1.
|
| 550 |
|
|
|a Volumes for June 1957-Sept. 1961 published by: U.S. Institute of Home Economics; Dec. 1961-<June 1965> by: Consumer and Food Economics Research Division of the Agricultural Research Service; <1965>-winter-spring 1978 by: Consumer and Food Economics Institute, Agricultural Research Service; summer 1978-19 by: Consumer and Food Economics Institute, Science and Education Administration; winter 1980-summer 1981 by: the U.S. Dept. of Agriculture, Science and Education Administration; fall 1981-1982(3) by: the U.S. Dept. of Agriculture, Agricultural Research Service; 1982, no. 4-v. 8, no. 1 by: the U.S. Dept. of Agriculture, Agricultural Research Service, Family Economics Research Group.
|
| 588 |
|
|
|a Description based on: Winter-spring 1978; title from cover.
|
| 650 |
|
0 |
|a Home economics
|x Accounting
|v Periodicals.
|
| 650 |
|
7 |
|a Home economics
|x Accounting.
|2 fast
|0 (OCoLC)fst00959175
|
| 655 |
|
0 |
|a Electronic journals.
|
| 710 |
2 |
|
|a Institute of Home Economics (U.S.)
|
| 710 |
1 |
|
|a United States.
|b Agricultural Research Service.
|b Consumer and Food Economics Research Division.
|
| 710 |
2 |
|
|a Consumer and Food Economics Institute (U.S.)
|
| 710 |
1 |
|
|a United States.
|b Science and Education Administration.
|
| 710 |
1 |
|
|a United States.
|b Agricultural Research Service.
|
| 710 |
1 |
|
|a United States.
|b Agricultural Research Service.
|b Family Economics Research Group.
|
| 776 |
1 |
|
|c Microfiche
|d Supt. of Docs., U.S.G.P.O.
|w (DLC)sn 93028567
|w (OCoLC)28090127
|
| 780 |
0 |
0 |
|t Rural family living
|w (DLC)sn 85062870
|w (OCoLC)7070049
|
| 785 |
0 |
0 |
|t Family economics and nutrition review
|w (DLC) 95648516
|w (OCoLC)32829082
|
| 850 |
|
|
|a DLC
|a DNAL
|a InU
|
| 856 |
4 |
0 |
|z Full text available from Research Library: 01/01/1992 to 12/31/1994
|u https://search.proquest.com/publication/6796
|